| 000 | 00796npc a2200217Ia 4500 | ||
|---|---|---|---|
| 001 | onu4-913 [d000000838] | ||
| 003 | IT-MiCISF | ||
| 008 | 161014s9999||||xx | und|| | ||
| 040 |
_aIT-MiCISF _cIT-MiCISF |
||
| 041 | _aen | ||
| 100 | _aAA.VV. | ||
| 240 | _aEfforts and Measures for Securing the Implementation and the Enjoyment by Youth of Human Rights, ... | ||
| 245 | 0 |
_aEfforts and Measures for Securing the Implementation and the Enjoyment by Youth of Human Rights, ... _bResolution Adopted by the General Assembly on the Report of the Third Committee (a/37/629) |
|
| 250 | _a1a ed. | ||
| 260 |
_bONU _c1983 |
||
| 300 | _app. 2 | ||
| 500 | _aUnited Nations / diritti-umani, giovani, lavoro, educazione / | ||
| 650 | _asocietà | ||
| 942 | _cDD | ||
| 957 | _71 | ||
| 999 |
_a913 _bsi _g1 _c205960 _d205960 |
||